[Event "GER-ch U12 Girls"]
[Site "Willingen"]
[Date "2022.06.09"]
[Round "7"]
[White "Fomenkova, Elina"]
[Black "Janssen, Mareike"]
[Result "0-1"]
[WhiteElo "933"]
[BlackElo "1022"]
[PlyCount "160"]
[EventDate "2022.06.04"]
[EventType "swiss"]
[EventRounds "9"]
[EventCountry "GER"]
[SourceTitle "CBM 208 Extra"]
[Source "ChessBase"]
[SourceDate "2022.07.31"]
[SourceVersion "1"]
[SourceVersionDate "2022.07.31"]
[SourceQuality "1"]

1. e4 e5 2. d4 exd4 3. c3 Nf6 4. Bd3 Nc6 5. cxd4 Nxd4 6. Nf3 Nc6 7. 0-0 d6 8. Nc3 Be7 9. Nd5 0-0 10. Nxf6+ Bxf6 11. Bc4 Bg4 12. Re1 Re8 13. h3 Bh5 14. a3 h6 15. Qd3 Bxf3 16. Qxf3 Nd4 17. Qd3 c6 18. Rb1 d5 19. Ba2 Nb5 20. Bf4 dxe4 21. Qxd8 Raxd8 22. a4 Nd4 23. Rbc1 Nf5 24. Rb1 Rd4 25. Bb3 Rb4 26. Bc2 Rxb2 27. Rxb2 Bxb2 28. Bxe4 Bc3 29. Re2 Nd4 30. Re3 Bd2 31. Rd3 Rxe4 32. Bxd2 Ne2+ 33. Kh2 Rxa4 34. Re3 Nd4 35. Re4 c5 36. Bc3 Rc4 37. Re8+ Kh7 38. Bd2 Rc2 39. Be3 Nf5 40. Bf4 Rxf2 41. Bc1 c4 42. Rc8 Rc2 43. Bf4 b5 44. Rc7 Kg6 45. Rxa7 b4 46. Ra6+ f6 47. Ra1 b3 48. Rb1 Nh4 49. Bc1 Nxg2 50. Kg3 Ne1 51. Ba3 Rc3+ 52. Kg4 Nd3 53. Kh4 Rc2 54. Rg1+ Kf7 55. Rb1 b2 56. Kg3 Rc1 57. Rxc1 bxc1Q 58. Bxc1 Nxc1 59. Kf2 Ke6 60. Ke1 Ke5 61. Kd2 Nb3+ 62. Kc3 Kf4 63. Kxc4 Nd2+ 64. Kd3 Nb1 65. Ke2 Kg3 66. h4 Kxh4 67. Kf2 g5 68. Kg2 f5 69. Kh2 g4 70. Kh1 Kh3 71. Kg1 g3 72. Kh1 f4 73. Kg1 g2 74. Kf2 Kh2 75. Kf3 g1Q 76. Ke2 Qe3+ 77. Kf1 Qa3 78. Ke1 f3 79. Kf1 Qd3+ 80. Ke1 Qe2# 0-1

[Event "GER-ch U12 Girls"]
[Site "Willingen"]
[Date "2022.06.07"]
[Round "4"]
[White "Janssen, Mareike"]
[Black "Mo, Keyou"]
[Result "1-0"]
[WhiteElo "1022"]
[BlackElo "1150"]
[PlyCount "131"]
[EventDate "2022.06.04"]
[EventType "swiss"]
[EventRounds "9"]
[EventCountry "GER"]
[SourceTitle "CBM 208 Extra"]
[Source "ChessBase"]
[SourceDate "2022.07.31"]
[SourceVersion "1"]
[SourceVersionDate "2022.07.31"]
[SourceQuality "1"]

1. e4 e5 2. Nf3 Nc6 3. Nc3 Nf6 4. Be2 d5 5. d3 d4 6. Nb5 a6 7. Na3 Bc5 8. Nc4 b5 9. Ncxe5 Nxe5 10. Nxe5 Qe7 11. Nf3 Bg4 12. 0-0 0-0 13. Bg5 h6 14. Bh4 Qe6 15. h3 Bh5 16. Bg3 c6 17. a3 Rad8 18. Bh4 Rd7 19. b4 Bb6 20. Re1 Re8 21. Rc1 c5 22. bxc5 Bxc5 23. Ra1 Qc6 24. Ne5 Rxe5 25. Bxh5 Nxh5 26. Bg3 Nxg3 27. fxg3 Rg5 28. g4 Qd6 29. a4 Bb4 30. h4 Bxe1 31. hxg5 Bc3 32. Ra2 hxg5 33. axb5 axb5 34. Ra8+ Rd8 35. Ra2 Kf8 36. Qf1 f6 37. Qb1 b4 38. Qb3 Ke7 39. Ra7+ Rd7 40. Rxd7+ Kxd7 41. Qf7+ Qe7 42. Qd5+ Kc7 43. Qa5+ Kd6 44. Qd5+ Kc7 45. Qa5+ Kb7 46. Qb5+ Ka8 47. Qd5+ Qb7 48. Qa5+ Kb8 49. Qd8+ Ka7 50. Qa5+ Qa6 51. Qc7+ Ka8 52. Qd8+ Ka7 53. Qc7+ Qb7 54. Qa5+ Kb8 55. Qd8+ Qc8 56. Qb6+ Ka8 57. Qa5+ Kb7 58. Qb5+ Kc7 59. Qc5+ Kd7 60. Qf5+ Ke7 61. Qxc8 Kd6 62. Kf1 Ke5 63. Ke2 Kf4 64. Kf2 Ke5 65. Qd7 Kf4 66. Qf5# 1-0